Identidad, multiculturalidad y globalización /

Diversidad e inclusión no parecen haber sido las consecuencias de los procesos de globalización, de los movimientos migratorios, de los encuentros multiculturales. Por el contrario, la globalización de la exclusión, la marginalidad, la fragmentación de la identidad ocupan el centro de una escena, fr...

Full description

Bibliographic Details
Main Author: Vega, Eduardo de la
Format: Analitica de revista
Language:Spanish
Subjects:

MARC

LEADER 00000cab a2200000 a 4500
001 041227
003 UAHC_CL
005 20170803124539.0
008 031122b xx j 000 1 spa
040 |a UAHC_CL  |c UAHC_CL  |d UAHC_CL 
100 1 |a Vega, Eduardo de la 
245 1 0 |a Identidad, multiculturalidad y globalización /  |c Eduardo de la Vega. 
300 |a pp. 58-62 
500 |a En: Revista Novedades Educativas. No. 206, 2008. pp. 58-62. ISSN: 03283534. 
520 |a Diversidad e inclusión no parecen haber sido las consecuencias de los procesos de globalización, de los movimientos migratorios, de los encuentros multiculturales. Por el contrario, la globalización de la exclusión, la marginalidad, la fragmentación de la identidad ocupan el centro de una escena, frente a la cual va perdiendo parte de su eficacia subjetivante. 
520 |a Diversidad e inclusión no parecen haber sido las consecuencias de los procesos de globalización, de los movimientos migratorios, de los encuentros multiculturales. Por el contrario, la globalización de la exclusión, la marginalidad, la fragmentación de la identidad ocupan el centro de una escena, frente a la cual va perdiendo parte de su eficacia subjetivante. 
650 4 |a IDENTIDAD 
650 4 |a MULTICULTURALISMO 
650 4 |a GLOBALIZACION 
759 |a PP158 
773 0 |t Revista Observatorio de Juventud.  |w 041230 
900 |a REV. NOVEDADES EDUCATIVAS-206/08 
942 |c REVA 
952 |0 0  |1 0  |4 0  |6 REV___NOVEDADES_EDUCATIVAS206_08_000000000000000  |7 0  |8 General  |9 77237  |a BC  |b BC  |c General  |d 2017-08-03  |l 0  |o REV. NOVEDADES EDUCATIVAS-206/08  |p FICTICIO6680  |r 2019-01-08 00:00:00  |t 1  |w 2017-08-03  |y REVA 
999 |c 41227  |d 41227